The unfolding future of agriculture in Third World nations in an era of globalisation: lessons from India (Record no. 50733)

000 -LEADER
fixed length control field 00527pab a2200181 454500
008 - FIXED-LENGTH DATA ELEMENTS--GENERAL INFORMATION
fixed length control field 180718b2001 xxu||||| |||| 00| 0 eng d
100 ## - MAIN ENTRY--PERSONAL NAME
Personal name Rao, P. Srinivas Subba
245 ## - TITLE STATEMENT
Title The unfolding future of agriculture in Third World nations in an era of globalisation: lessons from India
260 ## - PUBLICATION, DISTRIBUTION, ETC.
Date of publication, distribution, etc. 2001
300 ## - PHYSICAL DESCRIPTION
Extent p.160-68
362 ## - DATES OF PUBLICATION AND/OR SEQUENTIAL DESIGNATION
Dates of publication and/or sequential designation Aug
650 ## - SUBJECT ADDED ENTRY--TOPICAL TERM
Topical term or geographic name entry element Globalization - India
650 ## - SUBJECT ADDED ENTRY--TOPICAL TERM
Topical term or geographic name entry element Agriculture - India
650 ## - SUBJECT ADDED ENTRY--TOPICAL TERM
Topical term or geographic name entry element Agriculture
700 ## - ADDED ENTRY--PERSONAL NAME
Personal name Murthy, K.G.K.
773 ## - HOST ITEM ENTRY
Main entry heading Asian Economic Review
909 ## -
-- 50733
Holdings
Withdrawn status Lost status Damaged status Not for loan Permanent Location Current Location Date acquired Serial Enumeration / chronology Barcode Date last seen Price effective from Koha item type
        Indian Institute of Public Administration Indian Institute of Public Administration 2018-07-19 Volume no: 43, Issue no: 2 AR51161 2018-07-19 2018-07-19 Articles

Powered by Koha